[Event "Challenge"]
[Site "http://www.queenalice.com/game.php?id=456787"]
[Date "2008.9.1"]
[Round "-"]
[White "herick_douglas"]
[Black "valmir"]
[Result "1-0"]
[WhiteElo "1610"]
[BlackElo "1385"]

1. e4 e5 2. Qh5 Nc6 3. Bc4 Nh6 4. d3 g6 5. Qf3 Nd4 6. Qd1 Qh4 7. g3 Qf6 8. c3
Bc5 9. Nh3 Nf3+ 10. Kf1 d6 11. Kg2 g5 12. Qxf3 Ke7 13. Bxg5 Qxg5 14. Nxg5 1-0

[Event "AUTO-OPEN-1253"]
[Site "http://www.queenalice.com/game.php?id=458612"]
[Date "2008.9.5"]
[Round "1"]
[White "herick_douglas"]
[Black "phystutordotcom"]
[Result "0-1"]
[WhiteElo "1631"]
[BlackElo "2048"]

1. e4 g6 2. d4 Bg7 3. Bc4 c6 4. Qf3 e6 5. d5 d6 6. dxe6 Bxe6 7. Bxe6 fxe6 8. Nh3
e5 9. Ng5 Qe7 10. c4 Nf6 11. Nc3 O-O 12. b4 Nd5 13. Qh3 Nf6 14. Ne6 Rf7 15. Nxg7
Rxg7 16. Bg5 Nbd7 17. g3 Re8 18. O-O Qe6 19. Qxe6+ Rxe6 20. Rae1 Rf7 21. f4 Kg7
22. fxe5 Nxe5 23. Bxf6+ Rexf6 24. Rxf6 Rxf6 25. c5 dxc5 26. bxc5 Nd3 27. Rf1
Rxf1+ 28. Kxf1 Nxc5 29. Ke2 Kf6 30. Ke3 Ke5 31. h4 b5 0-1

[Event "AUTO-OPEN-1253"]
[Site "http://www.queenalice.com/game.php?id=458613"]
[Date "2008.9.5"]
[Round "1"]
[White "phystutordotcom"]
[Black "herick_douglas"]
[Result "1-0"]
[WhiteElo "2046"]
[BlackElo "1631"]

1. Nf3 d5 2. d3 Nc6 3. Nbd2 e5 4. e4 dxe4 5. dxe4 f6 6. g3 Nd4 7. c3 Nxf3+ 8.
Qxf3 Nh6 9. Bg2 Bg4 10. Qe3 b6 11. O-O Bc5 12. Qe1 Qd7 13. Nc4 Be6 14. Qe2 Bxc4
15. Qxc4 Qf7 16. Qb5+ Qd7 17. Qxd7+ Kxd7 18. Bxh6 gxh6 19. b4 Bd6 20. Rfd1 c5
21. Rd5 cxb4 22. Rad1 Ke7 23. Rxd6 Rhd8 24. Rxd8 Rxd8 25. Rxd8 Kxd8 26. cxb4 Ke7
27. Bh3 a5 28. bxa5 bxa5 29. Bf5 Kd6 30. Bxh7 Kc5 31. Kf1 Kc4 32. Ke2 1-0

[Event "AUTO-OPEN-1253"]
[Site "http://www.queenalice.com/game.php?id=458614"]
[Date "2008.9.5"]
[Round "1"]
[White "herick_douglas"]
[Black "SacMaster"]
[Result "0-1"]
[WhiteElo "1626"]
[BlackElo "2079"]

1. e4 c5 2. d4 cxd4 3. Qxd4 Nc6 4. Qe3 g6 5. c4 Bg7 6. Nf3 e6 7. e5 Qc7 8. Nc3
Nxe5 9. Nxe5 Qxe5 10. Qxe5 Bxe5 11. g3 Ne7 12. f4 Bg7 13. h4 h5 14. Ne4 Nf5 15.
Bh3 O-O 16. g4 hxg4 17. Bxg4 Nd4 18. O-O f5 19. Bxf5 exf5 20. Nd6 Rf6 21. Nxc8
Rxc8 22. b3 Re6 23. Bb2 Ne2+ 24. Kf2 Bxb2 25. Rae1 Nxf4 26. Rxe6 dxe6 27. Kf3 e5
28. Rd1 Bd4 29. a4 Ne6 30. Kg3 Nc5 31. b4 Ne4+ 32. Kf3 Rxc4 33. b5 Rxa4 34. Re1
Ra2 35. Re2 Rxe2 36. Kxe2 Nc3+ 37. Kd3 Nxb5 38. Kc4 a5 39. Kxb5 f4 0-1

[Event "AUTO-OPEN-1253"]
[Site "http://www.queenalice.com/game.php?id=458615"]
[Date "2008.9.5"]
[Round "1"]
[White "SacMaster"]
[Black "herick_douglas"]
[Result "1-0"]
[WhiteElo "2052"]
[BlackElo "1613"]

1. e4 d5 2. exd5 Qxd5 3. Nc3 Qe6+ 4. Be2 Nc6 5. Nf3 Nf6 6. O-O Ne4 7. Nxe4 Qxe4
8. Re1 Bf5 9. Ba6 Qxc2 10. Qxc2 Bxc2 11. Bxb7 Rb8 12. Bxc6+ Kd8 13. Ne5 Bg6 14.
f4 f6 15. Nxg6 hxg6 16. Re6 Rh5 17. d3 g5 18. b3 gxf4 19. Bxf4 Rf5 20. Bg3 Rb6
21. Rae1 Rc5 22. Bf3 Kd7 23. Bg4 f5 24. Rxb6 axb6 25. Bf3 g5 26. Bf2 Rc2 27. a3
Rc3 28. Bd5 Rxd3 29. Be6+ Kd6 30. Bxf5 Rxb3 31. Bg3+ Kc6 32. Rc1+ Kb5 33. Bd7+
Ka5 34. Rxc7 Rxa3 35. Ra7+ Kb4 36. Be1+ Kb3 37. Be6+ Kb2 38. Rxa3 Kxa3 39. Bd2
Bh6 40. h4 Bg7 41. Bxg5 Bd4+ 42. Kf1 Bc5 43. h5 b5 44. h6 Bd4 45. Bxe7+ 1-0

[Event "AUTO-OPEN-1253"]
[Site "http://www.queenalice.com/game.php?id=458616"]
[Date "2008.9.5"]
[Round "1"]
[White "herick_douglas"]
[Black "TheBigSid"]
[Result "0-1"]
[WhiteElo "1610"]
[BlackElo "2109"]

1. e4 e6 2. d4 d5 3. exd5 exd5 4. c4 Nf6 5. Nc3 c6 6. cxd5 cxd5 7. Bb5+ Nc6 8.
Qe2+ Be7 9. Bxc6+ bxc6 10. Nf3 O-O 11. Bg5 a5 12. Ne5 Qb6 13. O-O-O Re8 14. Ng4
Bxg4 15. f3 Bf5 16. g4 Bg6 17. h4 h6 18. Bxf6 Bxf6 19. Qf2 a4 20. h5 Bh7 21. a3
Qb3 22. Rd2 Rab8 23. Rh2 Qxc3+ 24. Kd1 Qb3+ 25. Kc1 Qa2 26. Re2 Qa1+ 27. Kd2
Rxb2+ 28. Kc3 Qxa3# 0-1

[Event "AUTO-OPEN-1253"]
[Site "http://www.queenalice.com/game.php?id=458617"]
[Date "2008.9.5"]
[Round "1"]
[White "TheBigSid"]
[Black "herick_douglas"]
[Result "1-0"]
[WhiteElo "2079"]
[BlackElo "1626"]

1. d4 d5 2. c4 dxc4 3. e4 b5 4. Nf3 f6 5. Nc3 a6 6. a4 bxa4 7. Bxc4 e5 8. Nxe5
fxe5 9. Qh5+ Kd7 10. Qxe5 Qe7 11. Qd5+ Qd6 12. Qxa8 Nc6 13. Bxa6 Bxa6 14. Qxa6
Nb4 15. Qxa4+ Ke7 16. Bg5+ Nf6 17. Nd5+ Nxd5 18. exd5 Qxd5 19. Bxf6+ gxf6 20.
O-O Rg8 21. Rfe1+ Kf7 22. g3 Bh6 23. Qa2 Qxa2 24. Rxa2 Rg4 25. d5 Bd2 26. Rd1
Rd4 27. b3 Bc3 28. Rxd4 Bxd4 29. Kg2 Ke7 30. Rd2 Be5 31. f4 Bd6 32. Kf3 Bb4 33.
Rd3 Kd6 34. Ke4 Bc5 35. Kf5 Ke7 36. g4 h6 37. Kg6 Bg1 38. h3 Bc5 39. Kxh6 Bd6
40. f5 Kf7 41. h4 Bf4+ 42. Kh5 Kg7 43. g5 fxg5 44. hxg5 Kf7 45. Kg4 Bxg5 46.
Kxg5 Ke7 47. f6+ Kd6 48. Kg6 c6 49. dxc6+ Kxc6 50. f7 Kc5 51. f8=Q+ Kb5 52. Rd5+
Kc6 53. Qc5+ Kb7 54. Rd7+ Kb8 55. Qf8# 1-0

[Event "AUTO-INT-1026"]
[Site "http://www.queenalice.com/game.php?id=458948"]
[Date "2008.9.6"]
[Round "1"]
[White "dlabedz"]
[Black "herick_douglas"]
[Result "0-1"]
[WhiteElo "1423"]
[BlackElo "1631"]

1. d4 d5 2. e3 Nf6 3. Nc3 e6 4. Be2 Ne4 5. Qd3 Nxc3 6. Qxc3 Nc6 7. a3 a6 8. b4
b5 9. h4 Bd7 10. g4 f5 11. g5 g6 12. Nf3 Bg7 13. Bd2 Qe7 14. h5 gxh5 15. Rxh5 h6
16. g6 e5 17. O-O-O exd4 18. Qd3 dxe3 19. Bxe3 Ne5 20. Qxd5 Bc6 21. Qd4 Bxf3 22.
Rxf5 Bxe2 23. Rh1 Nxg6 24. Re1 Bxd4 25. Bxd4 Rg8 26. Bc5 Qe6 27. Rf3 Nh4 28. Re3
Qxe3+ 0-1

[Event "AUTO-INT-1026"]
[Site "http://www.queenalice.com/game.php?id=458949"]
[Date "2008.9.6"]
[Round "1"]
[White "herick_douglas"]
[Black "dlabedz"]
[Result "1-0"]
[WhiteElo "1617"]
[BlackElo "1435"]

1. e4 e5 2. Bc4 a6 3. Qh5 g6 4. Qxe5+ Qe7 5. Qxh8 c6 6. Bb3 d6 7. Qxg8 Kd8 8.
Qxf7 Qxe4+ 9. Ne2 d5 10. d3 Qe7 11. Qxe7+ Bxe7 12. Nf4 Bg5 13. g3 Bf5 14. O-O
Nd7 15. h4 Bf6 16. Nd2 Kc7 17. c4 Ne5 18. cxd5 Kb6 19. dxc6 bxc6 20. Nc4+ Nxc4
21. Bxc4 Rd8 22. Rd1 Bg4 23. Re1 Bf5 24. Be3+ Kb7 25. Be6 Rd6 26. Bxf5 gxf5 27.
Bc5 Rd7 28. Nh5 Bd8 29. Rad1 Rd5 30. Be7 Ba5 31. Nf6 Bxe1 32. Nxd5 Ba5 33. Ne3
1-0

[Event "AUTO-INT-1026"]
[Site "http://www.queenalice.com/game.php?id=458966"]
[Date "2008.9.6"]
[Round "1"]
[White "herick_douglas"]
[Black "Chessdorf"]
[Result "0-1"]
[WhiteElo "1626"]
[BlackElo "1680"]

1. e4 e6 2. d4 d5 3. exd5 exd5 4. Nc3 Nf6 5. Nf3 c5 6. dxc5 Bxc5 7. Be3 Bxe3 8.
fxe3 O-O 9. Nd4 Nc6 10. Nxc6 bxc6 11. Be2 Qb6 12. Qc1 Re8 13. Kf2 Bg4 14. Bxg4
Nxg4+ 15. Kf3 Nxe3 16. Na4 Qd4 17. Nc3 Qg4+ 18. Kf2 Qxg2+ 19. Ke1 Qxh1+ 20. Kd2
Qxh2+ 21. Ne2 Nc4+ 22. Kc3 Qxe2 23. Kb4 Qe7+ 24. Ka4 Nb6+ 25. Kb3 Qe3+ 26. Qxe3
Rxe3+ 27. c3 Nc4 28. Rd1 Rb8+ 29. Kc2 Rxb2+ 30. Kc1 Rxc3# 0-1

[Event "AUTO-INT-1026"]
[Site "http://www.queenalice.com/game.php?id=458967"]
[Date "2008.9.6"]
[Round "1"]
[White "Chessdorf"]
[Black "herick_douglas"]
[Result "1-0"]
[WhiteElo "1665"]
[BlackElo "1648"]

1. d4 d5 2. c4 dxc4 3. Nf3 f6 4. e3 b5 5. a4 Ba6 6. axb5 Bxb5 7. Nc3 c6 8. b3
cxb3 9. Bxb5 cxb5 10. Nxb5 Nc6 11. Qxb3 e5 12. Bb2 Nh6 13. O-O Qb8 14. Qe6+ Ne7
15. Nd6+ Kd8 16. Nf7+ Nxf7 17. Qxf7 Qxb2 18. Qc4 Qb6 19. dxe5 fxe5 20. Nxe5 Ke8
21. Qa4+ Kd8 22. Qd7# 1-0

[Event "AUTO-INT-1045"]
[Site "http://www.queenalice.com/game.php?id=466643"]
[Date "2008.9.22"]
[Round "1"]
[White "herick_douglas"]
[Black "Allancristian"]
[Result "0-1"]
[WhiteElo "1611"]
[BlackElo "1405"]

1. e4 e5 2. Qh5 Nf6 3. Qxe5+ Be7 4. d4 Nc6 5. Qf4 Nxd4 6. Kd1 Ne6 7. Qe3 Ng4 8.
Qe2 Nf6 9. e5 Nd5 10. Qc4 c6 11. Nc3 b5 12. Qd3 Nxc3+ 13. Qxc3 Qb6 14. Be3 c5
15. a3 O-O 16. b4 d5 17. bxc5 Bxc5 18. Bxc5 Nxc5 19. f3 Na4 20. Qb3 Qd4+ 21. Bd3
Qxa1+ 22. Kd2 Qxe5 0-1

[Event "AUTO-INT-1045"]
[Site "http://www.queenalice.com/game.php?id=466644"]
[Date "2008.9.22"]
[Round "1"]
[White "Allancristian"]
[Black "herick_douglas"]
[Result "1-0"]
[WhiteElo "1496"]
[BlackElo "1639"]

1. d4 d5 2. c4 dxc4 3. e4 e6 4. e5 Nc6 5. Nf3 Bb4+ 6. Bd2 Bxd2+ 7. Nbxd2 Nxd4 8.
Nxc4 Nc6 9. Bd3 Nd4 10. O-O Nxf3+ 11. Qxf3 f6 12. Rad1 fxe5 13. Bg6+ Ke7 14.
Qf7# 1-0

[Event "AUTO-INT-1045"]
[Site "http://www.queenalice.com/game.php?id=466645"]
[Date "2008.9.22"]
[Round "1"]
[White "herick_douglas"]
[Black "Richardlim"]
[Result "0-1"]
[WhiteElo "1624"]
[BlackElo "1877"]

1. e4 e5 2. Qh5 Nc6 3. Bc4 Qf6 4. Qf3 Nd4 5. Qd1 Bc5 6. c3 Ne6 7. Qf3 b6 8. Qxf6
Nxf6 9. d3 Ng4 10. Nh3 O-O 11. f3 Nf6 12. f4 exf4 13. Nxf4 Nxf4 14. Bxf4 c6 15.
Nd2 d5 16. Bb3 dxe4 17. Nxe4 Nxe4 18. dxe4 Bg4 19. Bd1 Bxd1 20. Rxd1 Rad8 21.
Rxd8 Rxd8 22. Ke2 Re8 23. Kf3 h6 0-1

[Event "AUTO-INT-1045"]
[Site "http://www.queenalice.com/game.php?id=466646"]
[Date "2008.9.22"]
[Round "1"]
[White "Richardlim"]
[Black "herick_douglas"]
[Result "1-0"]
[WhiteElo "1883"]
[BlackElo "1618"]

1. Nf3 d5 2. d4 f6 3. Nc3 c6 4. e4 dxe4 5. Nxe4 Bf5 6. Nc3 b6 7. Nh4 Be6 8. Be3
c5 9. Qf3 Nd7 10. Qc6 Bf7 11. Nb5 Rc8 12. Qb7 g6 13. Qxa7 e5 14. dxe5 fxe5 15.
Rd1 Ngf6 16. Bg5 Be7 17. Bxf6 Bxf6 18. Nd6+ Ke7 19. Nxc8+ Kf8 20. Qxd7 Qxd7 21.
Rxd7 1-0